| 000 -CABECERA |
| Longitud fija campo de control |
00769nam a2200229 a 4500 |
| 001 - NÚMERO DE CONTROL |
| Número de control |
3260 |
| 003 - IDENTIFICADOR DEL NÚMERO DE CONTROL |
| Identificador del número de control |
CDMR |
| 005 - FECHA Y HORA DE LA ÚLTIMA TRANSACCIÓN |
| Fecha y hora de la última transacción |
20131128112201.0 |
| 008 - CÓDIGOS DE INFORMACIÓN DE LONGITUD FIJA |
| Códigos de información de longitud fija |
130130s1995||||||||||||||||||||||||||||d |
| 040 ## - FUENTE DE LA CATALOGACIÓN |
| Centro catalogador de origen |
CDMR |
| Lengua de catalogación |
cat |
| Centro transcriptor |
CPC GIRONA |
| 100 1# - PUNTO DE ACCESO PRINCIPAL-NOMBRE DE PERSONA |
| Nombre de persona |
Estadella Yuste, Olga |
| 9 (RLIN) |
2360 |
| 245 10 - MENCIÓN DE TÍTULO |
| Título |
Protección de la intimidad frente a la transmisión internacional de datos personales |
| Mención de responsabilidad, etc. |
Olga Estadella Yuste |
| 260 ## - PUBLICACIÓN, DISTRIBUCIÓN, ETC. (PIE DE IMPRENTA) |
| Lugar de publicación, distribución, etc. |
Madrid |
| Nombre del editor, distribuidor, etc. |
Tecnos |
| Fecha de publicación, distribución, etc. |
1995 |
| 300 ## - DESCRIPCIÓN FÍSICA |
| Extensión |
159 p. |
| 490 0# - MENCIÓN DE SERIE |
| Mención de serie |
Práctica Jurídica (Tecnos) |
| 586 ## - NOTA DE PREMIOS |
| Nota de premios |
Premi a la Investigació sobre Comunicació de Masses, 1994 |
| 650 04 - PUNTO DE ACCESO ADICIONAL DE MATERIA - TÉRMINO DE MATERIA |
| 9 (RLIN) |
709 |
| Término de materia o nombre geográfico como elemento inicial |
Dret a la intimitat |
| 650 04 - PUNTO DE ACCESO ADICIONAL DE MATERIA - TÉRMINO DE MATERIA |
| 9 (RLIN) |
3998 |
| Término de materia o nombre geográfico como elemento inicial |
Protecció de dades |
| 650 04 - PUNTO DE ACCESO ADICIONAL DE MATERIA - TÉRMINO DE MATERIA |
| 9 (RLIN) |
3588 |
| Término de materia o nombre geográfico como elemento inicial |
Dret internacional |
| 710 1# - PUNTO DE ACCESO ADICIONAL - NOMBRE DE ENTIDAD |
| 9 (RLIN) |
304 |
| Nombre de entidad o nombre de jurisdicción como elemento inicial |
Centre d'Investigació de la Comunicació |
| 942 ## - ENTRADA DE ELEMENTOS AGREGADOS (KOHA) |
| Koha [por defecto] tipo de item |
Monografies |
| Fuente de clasificaión o esquema |
|